[Event "Gornozavodsk-ch 8th okrug op"]
[Site "Nizhnij Tagil"]
[Date "2007.08.01"]
[Round "8"]
[White "Potapenko, Tamara"]
[Black "Yaschenko, Yury"]
[Result "0-1"]
[WhiteElo "1806"]
[BlackElo "2085"]
[PlyCount "108"]
[EventDate "2007.07.24"]
[EventType "swiss"]
[EventRounds "9"]
[EventCountry "RUS"]
[SourceTitle "EXT 2022"]
[Source "ChessBase"]
[SourceDate "2021.10.06"]
[SourceVersion "1"]
[SourceVersionDate "2021.10.06"]
[SourceQuality "1"]

1. c4 e5 2. Nc3 Nf6 3. g3 c6 4. Bg2 d5 5. cxd5 cxd5 6. d3 h6 7. Nf3 Nc6 8. 0-0 Be7 9. a3 a5 10. Bd2 0-0 11. Rc1 Ne8 12. e4 d4 13. Nd5 Bd6 14. Nh4 Ne7 15. Nxe7+ Bxe7 16. Nf5 Bg5 17. f4 exf4 18. gxf4 Bf6 19. Ng3 Bh4 20. Qf3 Ra6 21. Rc5 Be7 22. Rd5 Qb6 23. Bc1 Nf6 24. Re5 Bd6 25. Rf5 Bxf5 26. Nxf5 Bc5 27. Qh3 Kh7 28. Rf3 Ne8 29. e5 Qb3 30. Rf1 Rg8 31. Be4 Kh8 32. Nh4 Be7 33. Nf5 Bf8 34. Nh4 Qe6 35. Qg3 g6 36. Qf3 b5 37. Kh1 Ng7 38. Bd5 Qe7 39. Qf2 Nf5 40. Nf3 Qd7 41. Be4 Bc5 42. Rg1 b4 43. Nd2 bxa3 44. bxa3 Qe7 45. Nc4 Rb8 46. Qg2 Qf8 47. Qh3 Rb1 48. Nd2 Rbb6 49. Nf3 Ne3 50. Ng5 f6 51. Nf7+ Qxf7 52. Bxg6 Qf8 53. Be4 f5 54. Bxe3 fxe4 0-1